| 000 | 00476nam a2200205Ia 4500 | ||
|---|---|---|---|
| 003 | OSt | ||
| 005 | 20241104153733.0 | ||
| 008 | 210210b1970 xxu||||| |||| 00| 0 eng d | ||
| 040 | _cAL | ||
| 041 | _aeng | ||
| 082 | _a523.7 GAMS | ||
| 100 |
_aGAMOW (George) _9184076 |
||
| 245 | _aStar called the sun | ||
| 260 |
_aLondon _bMacmillan & Co. Ltd. _c1970 |
||
| 300 | _avi,180 | ||
| 650 |
_aSun _9184077 |
||
| 690 |
_aAstronomy _9184078 |
||
| 906 | _a029664 | ||
| 942 |
_2ddc _cBK |
||
| 999 |
_c80878 _d80878 |
||